| 000 | 00632nam a2200241Ia 4500 | ||
|---|---|---|---|
| 005 | 20260121112054.0 | ||
| 008 | 3081 260114s9999 xx 000 0 eng d | ||
| 020 | _a9789811225253 | ||
| 037 | _aEBOOK | ||
| 040 |
_aCRL _beng _cCRL |
||
| 041 |
_aeng _2eng |
||
| 084 | _qCRL | ||
| 100 |
_aPrusa Thomas J _9951785 |
||
| 245 | 0 | _aEconomic Effects of Antidumping | |
| 260 | _bWorld Scientific | ||
| 260 | _bWSPC | ||
| 260 | _c2020 | ||
| 650 |
_aEconomics & Finance _9951786 |
||
| 856 | _uhttps://www.worldscientific.com/worldscibooks/10.1142/11964#t=toc | ||
| 942 | _cEBOOK | ||
| 999 |
_c1540381 _d1540381 |
||